Statistics for Rick Riordan LGBT Characters

Click here to take the quiz!

General Stats

  • This quiz has been taken 140 times
  • The average score is 4 of 9

Answer Stats

Answer% Correct
Nico
97%
Will
91%
Piper
64%
Alex
62%
Magnus
58%
Jo
21%
Shel
18%
Emmie
16%
Lavina
8%

Score Distribution

Percentile by Number Answered

Percent of People with Each Score

Your Score History

You have not taken this quiz